Statistics for Notable Parks and Recreation Episodes

Click here to take the quiz!

General Stats

  • This quiz has been taken 129 times
  • The average score is 6 of 15

Answer Stats

HintAnswer% Correct
Li'l Sebastian's first episodeHarvest Festival
57%
Penguin MarriagePawnee Zoo
53%
"Maybe you could come over and shoot me in the head!"Hunting Trip
51%
"I thought, 'yes! Another bureaucrat ate it!'"Li'l Sebastian
45%
Ann realizes Chris has dumped herIndianapolis
43%
SNAKE JUICEThe Fight
42%
Ron wins an awardWoman of the Year
40%
Louis C.K.'s first episodeThe Stakeout
37%
First Halloween EpisodeGreg Pikitis
35%
Rob Lowe and Adam Scott's first episodeThe Master Plan
35%
Season Two FinaleFreddy Spaghetti
33%
Paul Rudd's final episodeWin, Lose, or Draw
27%
Whiz PalacePractice Date
25%
Ben gets firedThe Trial of Leslie Knope
24%
First 'extended' episodeJerry's Painting
3%

Score Distribution

Percentile by Number Answered

Percent of People with Each Score

Your Score History

You have not taken this quiz